000 00337nam a22001217a 4500
020 _a9787223054300
100 _aLiao Jiaxing
245 _aTibet Stories: 50 years and 50 persons
260 _aChina
_bTibet People's Publishing House
_c2017
300 _a420p
942 _2ddc
_cBK
999 _c586525
_d586525